REPORT ON THE INTERNATIONAL CONVENTION FOR THE RESTORATION (Record no. 26301)

MARC details
000 -LEADER
fixed length control field 00343nam a22001337a 4500
003 - CONTROL NUMBER IDENTIFIER
control field SGT
082 ## - DEWEY DECIMAL CLASSIFICATION NUMBER
Classification number 320
Item number R96J
100 ## - MAIN ENTRY--PERSONAL NAME
Personal name JAITLY, JAYA
245 ## - TITLE STATEMENT
Title REPORT ON THE INTERNATIONAL CONVENTION FOR THE RESTORATION
260 ## - PUBLICATION, DISTRIBUTION, ETC. (IMPRINT)
Place of publication, distribution, etc INDIA
Name of publisher, distributor, etc JAVA JAITLY ORGANISING SECRETARY
Year of Publication 1996
300 ## - PAGE DESCRIPTION
No. of Pages 189
650 ## - SUBJECT ADDED ENTRY--TOPICAL TERM
Topical term or geographic name as entry element POLITICAL SCIENCE
942 ## - ADDED ENTRY ELEMENTS (KOHA)
Source of classification or shelving scheme Dewey Decimal Classification
Koha item type Books
Holdings
Withdrawn status Lost status Source of classification or shelving scheme Damaged status Not for loan Home library Current library Shelving location Date acquired Vendor Name SGTU Total Checkouts Full call number Accession No. (Barcode) Date last seen Bill Date Koha item type
    Dewey Decimal Classification   Not For Loan SGT Chancellor's Library SGT Chancellor's Library Reference Book 26/04/2024 SGT CHANCELLOR'S COLLECTION SGTU   320 R96J CH529 26/04/2024 26/04/2024 Books